000 00232nam a22000857a 4500
008 230921b |||||||| |||| 00| 0 eng d
020 _a9781421596259
100 _aKusaka Hidenori
_97698
245 _aPokemon Adventures (Special Edition)-12
999 _c12433
_d12433